000 00546nam a2200193Ia 4500
001 28508
003 IN-NITTTR
005 20251114233352.0
008 251113s9999||||xx |||||||||||||| ||eng||
040 _beng
040 _cIN-NITTTR
041 _aeng
082 _a551.0285 C34I
100 _aChoudhury, Sujit
245 3 _aAn introduction to geographic information technology /
_cChoudhury, Sujit, Choudhury, Suchandra, Chakrabarti, Deepankar
700 _a Chakrabarti, Deepankar
700 _a Choudhury, Suchandra
942 _2ddc
_cBK
999 _c31136
_d31136